00226nam a2200085Ia 4500001000800000005001700008008004100025245005300066260002100119104781920250826232242.0250824s9999 xx 000 0 und d 0aİSLAM DEKLARASYONUcALİYA İZZETBEGOVİÇ bKETEBE YAYINLARI